000 01162nam a22003257a 4500
003 CHAP
005 20220329143821.0
008 111003s2010 mx r 00010 spa d
010 _a102289
011 _a103261
035 _a113950
040 _cCHAP
090 _aTesis
100 1 _aJeronimo Martínez, Ever.
_961390
245 1 0 _aCrecimiento y rendimiento de chile habanero (Capsicum chinense Jacq) en respuesta a sustratos
_c/por Ever Jeronimo Martínez
260 _aCocula, Gro. :
_bEl autor,
_c2010
300 _axviii, 105 h. :
_bilus.
502 _aTesis (Ing. Agr. Fitotecnista) -- CSAEGRO. Centro de Estudios Profesionales
590 _aALEPH
_b10
_c20130110
_lUCH01
_h1542
590 _aBATCH-UPD
_b10
_c20130110
_lUCH01
_h1118
590 _aBATCH-UPD
_b10
_c20130410
_lUCH01
_h0708
590 _aBATCH-UPD
_b10
_c20130914
_lUCH01
_h0923
590 _aCONVERSION
_b10
_c20130109
_lUCH01
_h1356
650 1 4 _aChile (Botánica)
_xCrecimiento.
_922350
650 1 4 _aChile habanero
_xRendimiento.
_922420
650 1 4 _aSustratos.
_9110789
901 _aBK
942 _cTESIS
949 _aTesis
_bBC
_cTES
_d33724002302941
_eTS1
_gDonaciØn
_h52784
_i113950
_sb
999 _c102289
_d102289